Satunnaisia peräkkäisiä Yhdysvaltain osavaltioita kartalla - Statistics

Yleistilastot
  • Tätä visaa on pelattu 2 329 kertaa
    1 522 viimeisimmän päivityksen jälkeen
  • Keskiarvotulos 26 / 50
Vastaukset kartalla
Vastauksille on annettu kartalla punavihreä väri sen mukaan, kuinka moni on saanut sen oikein.
 
Vastaustilastot
Osavaltio % Oikein
Florida
59%
Texas
58%
Maine
57%
Michigan
57%
Nevada
57%
Kalifornia
56%
Alaska
55%
New Mexico
55%
Oregon
55%
Tennessee
55%
Washington
55%
Georgia
54%
Havaiji
54%
Montana
54%
Minnesota
53%
New Jersey
53%
Rhode Island
53%
Utah
53%
Virginia
53%
Arizona
52%
Colorado
52%
Indiana
52%
Kansas
52%
Louisiana
52%
Maryland
52%
New York
52%
Ohio
52%
Oklahoma
52%
Pohjois-Dakota
52%
Alabama
51%
Arkansas
51%
Etelä-Dakota
51%
Idaho
51%
Kentucky
51%
Massachusetts
51%
Mississippi
51%
Wyoming
51%
Delaware
50%
Etelä-Carolina
50%
Illinois
50%
New Hampshire
50%
Pennsylvania
50%
Vermont
50%
Wisconsin
50%
Iowa
49%
Missouri
49%
Nebraska
49%
Pohjois-Carolina
49%
Länsi-Virginia
48%
Connecticut
46%
Ehtoja vastaavia visoja ei löytynyt
Tulosjakauma
Jokaisen tuloksen saaneiden osuus
Persentiili vastausten määrän mukaan
Tuloshistoriasi
Et ole pelannut tätä visaa sen viimeisimmän päivityksen jälkeen